MARC details
| 000 -CABECERA |
| campo de control de longitud fija |
03675nam a22007577a 4500 |
| 003 - IDENTIFICADOR DEL NÚMERO DE CONTROL |
| campo de control |
CHAP |
| 005 - FECHA Y HORA DE LA ÚLTIMA TRANSACCIÓN |
| campo de control |
20220329142133.0 |
| 008 - DATOS DE LONGITUD FIJA--INFORMACIÓN GENERAL |
| campo de control de longitud fija |
991210d1999 mx rs o00110 spa d |
| 010 ## - NÚMERO DE CONTROL DE LA BIBLIOTECA DEL CONGRESO |
| Número de control de LC |
79024 |
| 011 ## - ENLACE DEL NUMERO DE CONTROL DE LA BIBLIOTECA DEL CONGRESO [OBSOLETO] |
| Número de control de LC |
79996 |
| 020 ## - NÚMERO INTERNACIONAL ESTÁNDAR DEL LIBRO |
| Número Internacional Estándar del Libro |
970-13-2316-5 |
| 020 ## - NÚMERO INTERNACIONAL ESTÁNDAR DEL LIBRO |
| Número Internacional Estándar del Libro |
970-13-2317-3 |
| 020 ## - NÚMERO INTERNACIONAL ESTÁNDAR DEL LIBRO |
| Número Internacional Estándar del Libro |
970-13-2318-1 |
| 020 ## - NÚMERO INTERNACIONAL ESTÁNDAR DEL LIBRO |
| Número Internacional Estándar del Libro |
970-13-2319-X |
| 020 ## - NÚMERO INTERNACIONAL ESTÁNDAR DEL LIBRO |
| Número Internacional Estándar del Libro |
970-13-2320-3 |
| 020 ## - NÚMERO INTERNACIONAL ESTÁNDAR DEL LIBRO |
| Número Internacional Estándar del Libro |
970-13-2321-1 |
| 020 ## - NÚMERO INTERNACIONAL ESTÁNDAR DEL LIBRO |
| Número Internacional Estándar del Libro |
970-13-2322-X |
| 020 ## - NÚMERO INTERNACIONAL ESTÁNDAR DEL LIBRO |
| Número Internacional Estándar del Libro |
970-13-2323-8 |
| 020 ## - NÚMERO INTERNACIONAL ESTÁNDAR DEL LIBRO |
| Número Internacional Estándar del Libro |
970-13-2324-6 |
| 020 ## - NÚMERO INTERNACIONAL ESTÁNDAR DEL LIBRO |
| Número Internacional Estándar del Libro |
970-13-2325-4 |
| 020 ## - NÚMERO INTERNACIONAL ESTÁNDAR DEL LIBRO |
| Número Internacional Estándar del Libro |
970-13-2326-2 |
| 020 ## - NÚMERO INTERNACIONAL ESTÁNDAR DEL LIBRO |
| Número Internacional Estándar del Libro |
970-13-2327-0 |
| 020 ## - NÚMERO INTERNACIONAL ESTÁNDAR DEL LIBRO |
| Número Internacional Estándar del Libro |
970-13-2329-7 |
| 020 ## - NÚMERO INTERNACIONAL ESTÁNDAR DEL LIBRO |
| Número Internacional Estándar del Libro |
970-13-2330-0 |
| 020 ## - NÚMERO INTERNACIONAL ESTÁNDAR DEL LIBRO |
| Número Internacional Estándar del Libro |
970-13-2331-9 |
| 020 ## - NÚMERO INTERNACIONAL ESTÁNDAR DEL LIBRO |
| Número Internacional Estándar del Libro |
970-13-2332-7 |
| 020 ## - NÚMERO INTERNACIONAL ESTÁNDAR DEL LIBRO |
| Número Internacional Estándar del Libro |
9701323289 |
| 035 ## - NÚMERO DE CONTROL DEL SISTEMA |
| Número de control de sistema |
90435 |
| 040 ## - FUENTE DE LA CATALOGACIÓN |
| Centro/agencia transcriptor |
CHAP |
| 082 04 - NÚMERO DE LA CLASIFICACIÓN DECIMAL DEWEY |
| Número de clasificación |
338.972 |
| Número de documento/Ítem |
I59 1998 Tab. |
| 110 2# - ENTRADA PRINCIPAL--NOMBRE DE ENTIDAD CORPORATIVA |
| Nombre de entidad corporativa o nombre de jurisdicción como elemento de entrada |
Instituto Nacional de Estadística, Geografía e Informática. México |
| 9 (RLIN) |
59304 |
| 245 10 - MENCIÓN DE TÍTULO |
| Título |
Cuaderno estadístico municipal : |
| Resto del título |
Tabasco |
| Mención de responsabilidad, etc. |
/por Instituto Nacional de Estadística, Geografía e Informática |
| 260 ## - PUBLICACIÓN, DISTRIBUCIÓN, ETC. |
| Lugar de publicación, distribución, etc. |
Aguascalientes, Ags. : |
| Nombre del editor, distribuidor, etc. |
Instituto Nacional de Estadística, Geografía e Informática, |
| Fecha de publicación, distribución, etc. |
1999. |
| 300 ## - DESCRIPCIÓN FÍSICA |
| Extensión |
v. |
| 500 ## - NOTA GENERAL |
| Nota general |
La biblioteca tiene : v.1 Balancán.--v.2 Cárdenas.--v.3 Centla.--v.4 Centro.--v.5 Comacalco.--v.6 Cunduacán.--v.7 Emiliano Zapata.--v.8 Huimanguillo.--v.9 Jalapa.--v.10 Jalpa de Méndez.--v.11 Jonuta.--v.12 Macuspana.--v.13 Nacajuca.--v.14 Paraíso.--v.15 Tlacotalpa.--v.16 Teapa.--v.17 Tenosique |
| 590 ## - NOTA LOCAL (RLIN) |
| Nota local |
BATCH-UPD |
| Procedencia (VM) [OBSOLETO] |
10 |
| Condición del los carretes individuales (VM) [OBSOLETO] |
20130110 |
| -- |
UCH01 |
| -- |
0001 |
| 590 ## - NOTA LOCAL (RLIN) |
| Nota local |
BATCH-UPD |
| Procedencia (VM) [OBSOLETO] |
10 |
| Condición del los carretes individuales (VM) [OBSOLETO] |
20130110 |
| -- |
UCH01 |
| -- |
1812 |
| 590 ## - NOTA LOCAL (RLIN) |
| Nota local |
BATCH-UPD |
| Procedencia (VM) [OBSOLETO] |
10 |
| Condición del los carretes individuales (VM) [OBSOLETO] |
20130410 |
| -- |
UCH01 |
| -- |
1147 |
| 590 ## - NOTA LOCAL (RLIN) |
| Nota local |
BATCH-UPD |
| Procedencia (VM) [OBSOLETO] |
10 |
| Condición del los carretes individuales (VM) [OBSOLETO] |
20130914 |
| -- |
UCH01 |
| -- |
1502 |
| 590 ## - NOTA LOCAL (RLIN) |
| Nota local |
CONVERSION |
| Procedencia (VM) [OBSOLETO] |
10 |
| Condición del los carretes individuales (VM) [OBSOLETO] |
20130109 |
| -- |
UCH01 |
| -- |
1344 |
| 650 14 - PUNTO DE ACCESO ADICIONAL DE MATERIA--TÉRMINO DE MATERIA |
| Término de materia o nombre geográfico como elemento de entrada |
Agricultura |
| Subdivisión general |
Estadisticas |
| Subdivisión geográfica |
Tabasco. |
| 9 (RLIN) |
1468 |
| 650 14 - PUNTO DE ACCESO ADICIONAL DE MATERIA--TÉRMINO DE MATERIA |
| Término de materia o nombre geográfico como elemento de entrada |
Ganadería |
| Subdivisión general |
Estadísticas |
| Subdivisión geográfica |
Tabasco. |
| 9 (RLIN) |
44727 |
| 650 14 - PUNTO DE ACCESO ADICIONAL DE MATERIA--TÉRMINO DE MATERIA |
| Término de materia o nombre geográfico como elemento de entrada |
Tabasco |
| Subdivisión general |
Condiciones económicas. |
| 9 (RLIN) |
111269 |
| 650 14 - PUNTO DE ACCESO ADICIONAL DE MATERIA--TÉRMINO DE MATERIA |
| Término de materia o nombre geográfico como elemento de entrada |
Tabasco |
| Subdivisión general |
Condiciones sociales. |
| 9 (RLIN) |
111271 |
| 650 14 - PUNTO DE ACCESO ADICIONAL DE MATERIA--TÉRMINO DE MATERIA |
| Término de materia o nombre geográfico como elemento de entrada |
Tabasco |
| Subdivisión general |
Estadísticas. |
| 9 (RLIN) |
111276 |
| 901 ## - ELEMENTOS DE DATOS A LOCAL LDA (RLIN) |
| a |
BK |
| 905 ## - ELEMENTOS DE DATOS E LOCAL, LDE (RLIN) |
| a |
Lilia Sánchez G. |
| 942 ## - ELEMENTOS DE PUNTO DE ACCESO ADICIONAL (KOHA) |
| Tipo de ítem Koha |
Libro |
| 949 ## - PROCESAMIENTO DE INFORMACIÓN LOCAL (OCLC) |
| a |
338.972 I59 1998 Tab. |
| b |
BC |
| c |
INEGI |
| d |
168258.16.1 |
| e |
INEGI |
| f |
v.16 |
| h |
96449 |
| i |
90435 |
| s |
b |
| 949 ## - PROCESAMIENTO DE INFORMACIÓN LOCAL (OCLC) |
| a |
338.972 I59 1998 Tab. |
| b |
BC |
| c |
INEGI |
| d |
33724000744108 |
| e |
INEGI |
| f |
v.17 |
| h |
96450 |
| i |
90435 |
| s |
b |
| 949 ## - PROCESAMIENTO DE INFORMACIÓN LOCAL (OCLC) |
| a |
338.972 I59 1998 Tab. |
| b |
BC |
| c |
INEGI |
| d |
33724000744124 |
| e |
INEGI |
| f |
v.15 |
| h |
96448 |
| i |
90435 |
| s |
b |
| 949 ## - PROCESAMIENTO DE INFORMACIÓN LOCAL (OCLC) |
| a |
338.972 I59 1998 Tab. |
| b |
BC |
| c |
INEGI |
| d |
33724000744132 |
| e |
INEGI |
| f |
v.14 |
| h |
96447 |
| i |
90435 |
| s |
b |
| 949 ## - PROCESAMIENTO DE INFORMACIÓN LOCAL (OCLC) |
| a |
338.972 I59 1998 Tab. |
| b |
BC |
| c |
INEGI |
| d |
33724000744140 |
| e |
INEGI |
| f |
v.13 |
| h |
96446 |
| i |
90435 |
| s |
b |
| 949 ## - PROCESAMIENTO DE INFORMACIÓN LOCAL (OCLC) |
| a |
338.972 I59 1998 Tab. |
| b |
BC |
| c |
INEGI |
| d |
33724000744157 |
| e |
INEGI |
| f |
v.12 |
| h |
96445 |
| i |
90435 |
| s |
b |
| 949 ## - PROCESAMIENTO DE INFORMACIÓN LOCAL (OCLC) |
| a |
338.972 I59 1998 Tab. |
| b |
BC |
| c |
INEGI |
| d |
33724000744165 |
| e |
INEGI |
| f |
v.11 |
| h |
96444 |
| i |
90435 |
| s |
b |
| 949 ## - PROCESAMIENTO DE INFORMACIÓN LOCAL (OCLC) |
| a |
338.972 I59 1998 Tab. |
| b |
BC |
| c |
INEGI |
| d |
33724000744173 |
| e |
INEGI |
| f |
v.10 |
| h |
96443 |
| i |
90435 |
| s |
b |
| 949 ## - PROCESAMIENTO DE INFORMACIÓN LOCAL (OCLC) |
| a |
338.972 I59 1998 Tab. |
| b |
BC |
| c |
INEGI |
| d |
33724000744181 |
| e |
INEGI |
| f |
v.9 |
| h |
96442 |
| i |
90435 |
| s |
b |
| 949 ## - PROCESAMIENTO DE INFORMACIÓN LOCAL (OCLC) |
| a |
338.972 I59 1998 Tab. |
| b |
BC |
| c |
INEGI |
| d |
33724000744199 |
| e |
INEGI |
| f |
v.8 |
| h |
96441 |
| i |
90435 |
| s |
b |
| 949 ## - PROCESAMIENTO DE INFORMACIÓN LOCAL (OCLC) |
| a |
338.972 I59 1998 Tab. |
| b |
BC |
| c |
INEGI |
| d |
33724000744207 |
| e |
INEGI |
| f |
v.7 |
| h |
96440 |
| i |
90435 |
| s |
b |
| 949 ## - PROCESAMIENTO DE INFORMACIÓN LOCAL (OCLC) |
| a |
338.972 I59 1998 Tab. |
| b |
BC |
| c |
INEGI |
| d |
33724000744215 |
| e |
INEGI |
| f |
v.6 |
| h |
96439 |
| i |
90435 |
| s |
b |
| 949 ## - PROCESAMIENTO DE INFORMACIÓN LOCAL (OCLC) |
| a |
338.972 I59 1998 Tab. |
| b |
BC |
| c |
INEGI |
| d |
33724000744223 |
| e |
INEGI |
| f |
v.5 |
| h |
96438 |
| i |
90435 |
| s |
b |
| 949 ## - PROCESAMIENTO DE INFORMACIÓN LOCAL (OCLC) |
| a |
338.972 I59 1998 Tab. |
| b |
BC |
| c |
INEGI |
| d |
33724000744231 |
| e |
INEGI |
| f |
v.4 |
| h |
96437 |
| i |
90435 |
| s |
b |
| 949 ## - PROCESAMIENTO DE INFORMACIÓN LOCAL (OCLC) |
| a |
338.972 I59 1998 Tab. |
| b |
BC |
| c |
INEGI |
| d |
33724000744249 |
| e |
INEGI |
| f |
v.3 |
| h |
96436 |
| i |
90435 |
| s |
b |
| 949 ## - PROCESAMIENTO DE INFORMACIÓN LOCAL (OCLC) |
| a |
338.972 I59 1998 Tab. |
| b |
BC |
| c |
INEGI |
| d |
33724000744256 |
| e |
INEGI |
| f |
v.2 |
| h |
96435 |
| i |
90435 |
| s |
b |
| 949 ## - PROCESAMIENTO DE INFORMACIÓN LOCAL (OCLC) |
| a |
338.972 I59 1998 Tab. |
| b |
BC |
| c |
INEGI |
| d |
33724000744264 |
| e |
INEGI |
| f |
v.1 |
| h |
96434 |
| i |
90435 |
| s |
b |